| 000 | 00450nam a22001697a 4500 | ||
|---|---|---|---|
| 003 | OSt | ||
| 005 | 20160413180616.0 | ||
| 008 | 160310b xxu||||| |||| 00| 0 eng d | ||
| 020 | _a 978-1-84996-244-5 | ||
| 040 | _cDDC. | ||
| 082 | _a658.5ENT 2010. | ||
| 100 |
_aLihui,Wang;Koh,Lenny; _97245 |
||
| 245 | _aEnterprise Networks and Logistics for Agile manufacturing | ||
| 300 |
_a55p; _bill; _c30cm. |
||
| 650 |
_aLogistics. _97242 |
||
| 942 |
_2ddc _cSLOAN |
||
| 999 |
_c3226 _d3226 |
||